000 00299nam a2200121Ia 4500
008 231129s1976||||xx |||||||||||||| ||spa||
082 _a843.5 S125jus
100 _aSade Marqués de 1740-1814.
245 0 _aJustine
260 _c1976
264 _aBogotá : Circulo de lectores
942 _2ddc
_cBKS
999 _c16302
_d16302